Florida.

Bibliographic Details
Corporate Author: Geological Survey (U.S.)
Format: Government Document Book
Language:English
Published: [Reston, Va.] : [U.S. Dept. of the Interior, U.S. Geological Survey], [1999]
Series:Fact sheet (Geological Survey (U.S.)) ; FS-99-010.
Subjects:
Online Access:PURL access list of fact sheets from which a link may be made to the title desired

MARC

Tag First Indicator Second Indicator Subfields
LEADER 00000cam a2200000 a 4500
001 in00000005631
008 990913s1999 vauab f000 0 eng d
005 20230331144258.2
035 |a (OCoLC)42359134 
035 |9 AJK5547AM 
035 |a in00000005631 
040 |a GPO  |c GPO  |d DLC  |d MvI  |d UtOrBLW 
043 |a n-us-fl 
049 |a UDOC  |a UDOC 
049 |a WWW 
074 |a 0621-L 
074 |a 0621-L (online) 
086 0 |a I 19.127:010-99 
245 0 0 |a Florida. 
246 1 |i At head of title:  |a USGS, science for a changing world 
264 1 |a [Reston, Va.] :  |b [U.S. Dept. of the Interior, U.S. Geological Survey],  |c [1999] 
300 |a 4 unnumbered pages :  |b color illustrations, color maps ;  |c 28 cm. 
336 |a text  |b txt  |2 rdacontent 
337 |a unmediated  |b n  |2 rdamedia 
338 |a volume  |b nc  |2 rdacarrier 
490 1 |a USGS Fact sheet ;  |v 010-99 
500 |a Caption title. 
500 |a Shipping list number: 99-0348-P. 
500 |a "August 1999:--P. [1]." 
530 |a Also available via Internet from the USGS web site. Address as of 9/13/99: http://water.usgs.gov/pubs/FS/FS-027-99/; current access is available via PURL. 
650 0 |a Water quality  |z Florida. 
650 0 |a Hydrogeological surveys  |z Florida. 
650 0 |a Water  |x Pollution  |z Florida. 
710 2 |a Geological Survey (U.S.) 
830 0 |a Fact sheet (Geological Survey (U.S.)) ;  |v FS-99-010. 
856 4 1 |u https://purl.fdlp.gov/GPO/LPS3301  |z PURL access list of fact sheets from which a link may be made to the title desired  |t 0 
999 |a MARS 
999 f f |i e33c185c-b288-38a9-9f36-c5fab7e33fe3  |s 6b945bb3-445a-38b6-a541-963be40f4079  |t 0 
952 f f |p normal  |a Texas A&M University  |b College Station  |c Sterling C. Evans Library  |d Evans: US Documents (Annex 5th floor)  |t 0  |e I 19.127:010-99  |h Superintendent of Documents classification  |i unmediated -- volume  |m A14824331713 
952 f f |a Texas A&M University  |b College Station  |c Electronic Resources  |d Available Online  |t 0  |e I 19.127:010-99  |h Superintendent of Documents classification 
998 f f |a I 19.127:010-99  |t 0  |l Available Online 
998 f f |a I 19.127:010-99  |t 0  |l Evans: US Documents (Annex 5th floor)